000 00523nam a22001577a 4500
005 20250124121838.0
008 250124b |||||||| |||| 00| 0 eng d
020 _a9788174733160
050 _aRA975.5
_b.E5
100 _aSrivastava, Rajiv
245 _aAccident and Emergency Services/
_ba complete guide to work in casualty
_cRajiv Srivastava
250 _a1st ed.
260 _aKrishan Nagar, New Delhi
_bA.I.T.B.S. Publishers & Distributors
_c2006
300 _a130p.
_bill. some color
_c24cm
942 _2lcc
_cBK
_e1st ed.
_n0
999 _c3001
_d3001